Adaptive software development : a collaborative approach to managing complex systems

Αποθηκεύτηκε σε:
Λεπτομέρειες βιβλιογραφικής εγγραφής
Κύριος συγγραφέας: Highsmith, James A.
Μορφή: Βιβλίο
Γλώσσα:English
Δημοσίευση: New York : Dorset House Pub., c2000
Θέματα:
Ετικέτες: Προσθήκη ετικέτας
Δεν υπάρχουν, Καταχωρήστε ετικέτα πρώτοι!

MARC

LEADER 00000nam a2200000 i 4500
001 1/18196
008 010309s2000 eng d
020 |a 0-932633-40-4 
035 |l 10066407 
040 |a GR-MY-UA  |b gre  |e aacr 
041 0 |a eng 
082 0 |a 658.0551 
100 1 |a Highsmith, James A. 
245 1 0 |a Adaptive software development :  |b a collaborative approach to managing complex systems /  |c James A. Highsmith III ; foreword by Ken Orr 
260 |a New York :   |b Dorset House Pub.,   |c c2000 
300 |a xxxi, 358 p.;  |b ill.;  |c 23 cm. 
504 |a Includes bibliographical references and index 
650 0 0 |a Computer software  |x Development. 
650 0 0 |a Computer systems  |x Management. 
650 0 0 |a Management information systems. 
852 |a INST  |b SAMOS  |e 20010309  |h 658.0551 HIG  |p 005300021625  |q 005300021625  |t BK  |y 0 
852 |a INST  |b SAMOS  |e 20010309  |h 658.0551 HIG  |p 005300021626  |q 005300021626  |t BK  |y 0 
852 |a INST  |b SAMOS  |e 20010309  |h 658.0551 HIG  |p 005300021627  |q 005300021627  |t BK  |y 0 
901 |a BIBL3-2001-1 
909 |a Σ  |b 085785 
909 |a Σ  |b 085786 
909 |a Σ  |b 085787 
922 |a 3ΕΛΗ  |b 200008  |c ΤΠΕΣ/ΠΟΛ-2  |d LEADER 
970 |a ΚΟΣΙΕΡΗΣ  |b ΧΡΗΣΤΟΣ  |z 2001/03/09